Normal view MARC view
  • Vargas, Fulgencio,

Entry Nombre Personal

Number of records used in: 1

001 - NUMERO DE CONTROL

  • campo de control: 47324

003 - IDENTIFICADOR DE NUMERO DE CONTROL

  • campo de control: DLC

005 - FECHA Y HORA DE LA ÜLTIMA TRANSACCIÓN

  • campo de control: 20221111123913.0

008 - DATOS DE LONGITUD FIJA

  • campo de control de longitud fija: 941013n| azannaabn || aaa

010 ## - NÚMERO DE CONTROL DE LA BIBLIOTECA DEL CONGRESO

  • Número de control LC: n 94098329

035 ## - NUMERO DE CONTROL

  • Número de control: (OCoLC)oca03715219

040 ## - FUENTE DE CATALOGACIÓN

  • Agencia original de catalogación: DLC
  • Lenguaje de catalogación: spa
  • Description conventions: rda
  • Agencia de transcripción: DLC
  • Agencia que lo modifica: DLC
  • Agencia que lo modifica: NcD
  • Agencia que lo modifica: OCoLC
  • Agencia que lo modifica: DLC
  • Agencia que lo modifica: Uk
  • Agencia que lo modifica: InU
  • Agencia que lo modifica: DLC
  • Agencia que lo modifica: MX-MxUPN

046 ## - FECHAS CON CODIFICACIÓN ESPECIAL

  • Fecha de nacimiento: 1875
  • Fecha de muerte: 1962

100 1# - ENCABEZAMIENTO - NOMBRE PERSONAL

  • Nombre personal: Vargas, Fulgencio,
  • Fechas asociadas con el nombre: 1875-1962

370 ## - LUGAR ASOCIADO

  • Place of birth: Jaral del Progreso, México
  • Place of death: Guanajuto, México

372 ## - CAMPO DE ACTIVIDAD

  • Field of activity: Literatura
  • Field of activity: Geografía

374 ## - OCUPACIÓN

  • Occupation: Profesor

377 ## - LENGUA ASOCIADA

  • Language code: spa

670 ## - FUENTE EN LA QUE SE LOCALIZARON DATOS

  • Cita de la fuente: Yuririhapúndaro, 1921?:
  • Información localizada: portada (Fulgencio Vargas; profesor de literatura y geografía, miembro de la sociedad científica "Antonio Alzate")

670 ## - FUENTE EN LA QUE SE LOCALIZARON DATOS

  • Cita de la fuente: La Alhóndiga de Granaditas, 2003:
  • Información localizada: portada (Fulgencio Vargas) p. 5 (nació en 1875 en Jaral del Progreso, México; murió en 1962 en Guanajuato, México)

670 ## - FUENTE EN LA QUE SE LOCALIZARON DATOS

  • Cita de la fuente: LC data base, Nov. 15, 2011
  • Información localizada: (hdg.: Vargas, Fulgencio, 1875- ; Vargas, Fulgencio, b. 1875)

670 ## - FUENTE EN LA QUE SE LOCALIZARON DATOS

  • Cita de la fuente: Apuntes de literatura, 1913:
  • Información localizada: portada (Fulgencio Vargas: profesor de la materia en el Colegio del estado)

902 ## - CATALOGADOR

  • Catalogador: Víctor Ruiz/111122